| 000 | 00685nab a2200193 4500 | ||
|---|---|---|---|
| 001 | 244442 | ||
| 003 | OSt | ||
| 005 | 20230731120211.0 | ||
| 007 | tu | ||
| 008 | 200917s2020||||||| | ||
| 040 |
_aDE-2950 _cDE-2950 |
||
| 245 | 0 | 0 |
_aTausende Unterschriften - doch das Land bleibt stur. _bNahverkehr. In Booßen ist die Enttäu8schung groß. Die Landesregierung bleibt bei ihrer Haltung und plant derzeit keinen neuen Bahnhalt in dem Ortsteil/ _cInes Webner-Rath |
| 264 | _c2023 | ||
| 653 | _aFrankfurt (Oder) - Booßen | ||
| 653 | _aBahnhalt | ||
| 653 | _aWaldmanagement | ||
| 773 | 0 |
_g34. Jahrgang (2023) Nr. 168 vom 21.07.2023, S. 13, mit Foto _tMärkische Oderzeitung |
|
| 942 |
_2z _cA |
||
| 999 |
_c372649 _d372649 |
||